Statistiques concernant Capitaines célèbres en images

Cliquez ici pour prendre le quiz!

Statistiques générales

  • Ce quiz a été pris 132 fois
  • Le résultat moyen est 9 sur 16

Statistiques - réponses

Réponse% Correct
America
98%
Crochet
98%
Haddock
96%
Jack Sparrow
94%
Tsubasa
77%
Marvel
70%
Flam
65%
Albator
62%
Spock
58%
Marleau
54%
Barbossa
35%
Nemo
30%
Yamato
18%
Caverne
15%
Rex
12%
Obvious
11%

Distribution des résultats

Percentile par nombre de réponses

% des personnes avec chaque résultat

Votre développement - résultats

Vous n’avez pas pris ce quiz